[Event "Ho Chi Minh City HD Bank op-B 6th"]
[Site "Ho Chi Minh City"]
[Date "2016.03.10"]
[Round "4"]
[White "Nguyen, Huynh Trong Hai"]
[Black "Nguyen, Minh Thang"]
[Result "0-1"]
[WhiteElo "1882"]
[BlackElo "2019"]
[PlyCount "124"]
[EventDate "2016.03.08"]
[EventType "swiss"]
[EventRounds "9"]
[EventCountry "VIE"]
[SourceTitle "CBM 171 Extra"]
[Source "ChessBase"]
[SourceDate "2016.04.26"]
[SourceVersion "1"]
[SourceVersionDate "2016.04.26"]
[SourceQuality "1"]

1. d4 Nf6 2. c4 g6 3. Nc3 d5 4. cxd5 Nxd5 5. e4 Nxc3 6. bxc3 Bg7 7. Bc4 c5 8. Ne2 0-0 9. 0-0 Nc6 10. Be3 cxd4 11. cxd4 Bg4 12. f3 Na5 13. Bd3 Be6 14. Qa4 a6 15. Rac1 b5 16. Qb4 Bxa2 17. Rfd1 Bc4 18. d5 Bxd3 19. Rxd3 Nc4 20. Bd4 Rc8 21. Kh1 Qd6 22. Qxd6 Nxd6 23. Ra1 Bxd4 24. Nxd4 Nb7 25. Nc6 Rc7 26. Rda3 Nc5 27. h3 Na4 28. Rxa4 bxa4 29. Rxa4 Ra8 30. Nb4 Rc4 31. Rxa6 Rxa6 32. Nxa6 Kf8 33. Nb8 Ke8 34. Kh2 Rc8 35. Nc6 e6 36. Kg3 exd5 37. exd5 Kd7 38. Ne5+ Ke7 39. Kf4 f6 40. Ng4 Rc2 41. Ne3 Rd2 42. Ke4 f5+ 43. Kf4 Re2 44. h4 Kd6 45. g4 fxg4 46. Nxg4 h5 47. Nf6 Re5 48. Ne4+ Kxd5 49. Ng5 Rf5+ 50. Ke3 Ke5 51. Nh3 Rf8 52. Kf2 Kf5 53. Kg3 Ra8 54. Ng5 Ra1 55. Nh3 Rh1 56. Kg2 Rb1 57. Kg3 Ra1 58. Kg2 Ra8 59. Kg3 Rf8 60. Ng5 Ke5 61. Nh3 Rf5 62. Kf2 Kd4 0-1

[Event "Ho Chi Minh City HD Bank op-B 6th"]
[Site "Ho Chi Minh City"]
[Date "2016.03.10"]
[Round "5"]
[White "Vo, Pham Thien Phuc"]
[Black "Nguyen, Huynh Trong Hai"]
[Result "0-1"]
[WhiteElo "1636"]
[BlackElo "1882"]
[PlyCount "135"]
[EventDate "2016.03.08"]
[EventType "swiss"]
[EventRounds "9"]
[EventCountry "VIE"]
[SourceTitle "CBM 171 Extra"]
[Source "ChessBase"]
[SourceDate "2016.04.26"]
[SourceVersion "1"]
[SourceVersionDate "2016.04.26"]
[SourceQuality "1"]

1. e4 c5 2. Nf3 d6 3. d4 cxd4 4. Nxd4 Nf6 5. Nc3 a6 6. Bg5 e6 7. f4 Be7 8. Qf3 Nbd7 9. 0-0-0 h6 10. Bh4 g5 11. Bg3 gxf4 12. Bxf4 e5 13. Be3 exd4 14. Bxd4 Rg8 15. Bc4 Qc7 16. Bb3 Ne5 17. Bxe5 dxe5 18. Nd5 Nxd5 19. Bxd5 Bg5+ 20. Kb1 Qe7 21. Qb3 Bg4 22. Rdf1 Rg7 23. Bxb7 Be6 24. Qa4+ Bd7 25. Qa5 Rd8 26. Qxa6 Rg6 27. Qa5 Rf6 28. Bd5 Be6 29. Qb5+ Kf8 30. Rxf6 Bxf6 31. c4 Bxd5 32. cxd5 Rc8 33. a3 Qc7 34. Qd3 Qc4 35. Rd1 Qxd3+ 36. Rxd3 Rc4 37. Re3 Bg5 38. Re2 Ke7 39. b3 Rd4 40. Kc2 Kd6 41. b4 f5 42. exf5 Kxd5 43. Rf2 Bf6 44. Rf3 e4 45. Rc3 Bg5 46. h4 Bxh4 47. Rh3 Bg5 48. f6 Ke6 49. b5 e3 50. f7 Kxf7 51. Rf3+ Ke6 52. b6 e2 53. b7 e1Q 54. b8Q Qc1+ 55. Kb3 Qb1+ 56. Kc3 Qxb8 57. Kxd4 Qb5 58. Kc3 Qe2 59. a4 Qxg2 60. Rd3 Qc6+ 61. Kb3 Qb6+ 62. Kc4 Qa6+ 63. Kc3 Qxa4 64. Kb2 Ke5 65. Rb3 h5 66. Rb8 h4 67. Rb3 Qxb3+ 68. Kxb3 0-1

[Event "VIE-ch U20"]
[Site "Ho Chi Minh City"]
[Date "2014.07.15"]
[Round "5"]
[White "Nguyen, Huynh Trong Hai"]
[Black "Le, Trong De Toan"]
[Result "0-1"]
[WhiteElo "1882"]
[BlackElo "1954"]
[PlyCount "76"]
[EventDate "2014.07.13"]
[EventType "swiss"]
[EventRounds "9"]
[EventCountry "VIE"]
[SourceTitle "EXT 2016"]
[Source "ChessBase"]
[SourceDate "2015.10.08"]
[SourceVersion "1"]
[SourceVersionDate "2015.10.08"]
[SourceQuality "1"]

1. d4 d5 2. Nf3 Nf6 3. c4 e6 4. g3 Nbd7 5. Bg2 c6 6. Qc2 Bb4+ 7. Bd2 Qa5 8. 0-0 0-0 9. a3 Bxd2 10. Nbxd2 Qc7 11. Rfd1 Nb6 12. Rac1 dxc4 13. Nxc4 Nxc4 14. Qxc4 Bd7 15. Ne5 Rfd8 16. Rc3 Rac8 17. e4 Be8 18. f4 h6 19. Qe2 Qb6 20. Rcd3 Qa6 21. Qf2 Rc7 22. g4 Nd7 23. Qh4 f6 24. Nf3 Nc5 25. Re3 Qa4 26. Rde1 Nb3 27. g5 hxg5 28. fxg5 Nxd4 29. gxf6 Nxf3+ 30. Rxf3 Qd4+ 31. Kh1 gxf6 32. Rxf6 Rh7 33. Qg4+ Rg7 34. Qxe6+ Bf7 35. Qf5 Qxb2 36. Rg1 Bc4 37. Rh6 Qxg2+ 38. Rxg2 Rd1+ 0-1